00625nam a2200169 a 450000100100000000500170001000800410002704000250006808200150009311000610010824500940016926000330026330000200029604900090031695201130032599900170043800003014220240307073950.0110503s2008 dr 000 0 spa d aDO-SdBNPbspacBNPHU axxxbR426m1 aRepública Dominicana.b Junta Central Electoral96460510aMemorias de la comisión de cancelados e inhabilitados de la Junta Central Electoral. /. aSanto Domingo :bJCE,c2008. a22 p. ;c22 cm. aBNPD 0010718PDaPDbPDcCTd2011-05-03iLF1l0oxxx R426mp30142-10r2020-06-25w2020-06-25yLFPDZNo se presta c29634d29634